|
|
|
|
| LEADER |
00000nab a2200000 a 4500 |
| 001 |
vtls000733556 |
| 003 |
SK-MaSNL |
| 005 |
20260303224150.0 |
| 008 |
180206c2000 xo 0 slo |
| 015 |
|
|
|a SNBRB2000/10-28067
|
| 035 |
|
|
|a CLN000085663
|
| 040 |
|
|
|a SNKBUCL
|b slo
|c SNKBUCL
|e AACR2
|
| 041 |
0 |
|
|a slo
|
| 044 |
|
|
|a xo
|c SK
|
| 080 |
|
|
|a 616-074/-076
|2 UDC-MRF-SK2
|
| 245 |
0 |
0 |
|a Nenahraditeľný dar
|b pre nedostatok peňazí sa najvzácnejšia tekutina nespracúva podľa požiadaviek a potrieb : v transfúzii sme sa vrátili o dvadsať rokov späť
|
| 300 |
|
|
|b Obr.
|
| 650 |
0 |
7 |
|a odber krvi
|2 snkbucl
|9 31170
|
| 650 |
0 |
7 |
|a transfúziológia
|2 snkbucl
|9 126028
|
| 655 |
|
7 |
|a články z novín a časopisov
|2 snkbucl
|9 267496
|
| 773 |
0 |
|
|x 1335-4620
|t Profit
|g Roč. 8, č. 30 (2000), s. 12-13
|
| 850 |
|
|
|a Slovenská národná knižnica v Martine
|
| 852 |
|
|
|a SNK
|b KIS3GCP
|
| 958 |
|
|
|a RBX
|
| 999 |
|
|
|c 2251007
|d 2252937
|